Statistiques concernant Les entraîneurs du Rugby Club Toulonnais de 1971 à 2022

Cliquez ici pour prendre le quiz!

Statistiques générales

  • Ce quiz a été pris 47 fois
  • Le résultat moyen est 8 sur 30

Statistiques - réponses

IndiceRéponses% Correct
Juillet 2022-MaintenantPierre Mignoni
89%
Septembre 2011-Juillet 2016Bernard Laporte
87%
Juillet 2022-MaintenantFranck Azéma
84%
Octobre 2021-Juillet 2022Franck Azéma
84%
Juillet 2017-Juin 2018Fabien Galthié
74%
Juin 2018-Octobre 2021Patrice Collazo
74%
Mai 2009-Septembre 2011Philippe Saint-André
53%
1979-1983André Herrero
47%
1983-1991Daniel Herrero
47%
Octobre 2016-Mars 2017Mike Ford
29%
2003-Janvier 2006Aubin Hueber
26%
Juillet 2016-Octobre 2016Diego Dominguez
24%
Mai 2007-Mai 2009Tana Umaga
24%
Décembre 1997-Juin 1998Jean-Claude Ballatore
13%
1991-1995Jean-Claude Ballatore
13%
Avril 2017-Juillet 2017Richard Cockerill
13%
1999-2002Manu Diaz
11%
1995-1996Manu Diaz
11%
1973-1974Christian Carrère
5%
1977-1979Christian Seguin
5%
1974-1976Jean Louis Martin
3%
1976-1977Jo Fabre
3%
1971-1973Jo Fabre
3%
Janvier 2006-Octobre 2006Alain Teixidor
0%
Août 1997-Novembre 1997Edmond Jorda
0%
1996-1997Gilbert Doucet
0%
Octobre 2006-Janvier 2007Gilbert Doucet
0%
2002-2003Philippe Sauton
0%
1998-Novembre 1999Serge Luca
0%
Janvier 2007-Mai 2007Tim Lane
0%

Distribution des résultats

Percentile par nombre de réponses

% des personnes avec chaque résultat

Votre développement - résultats

Vous n’avez pas pris ce quiz